LEADER 01196nam a2200277 u 4500 001 000000118316 003 CaOOAMICUS 005 20091125113041.0 008 091125s1989 it u000 u ita r 020 $a88-15-02075-6 040 $aPUL$bita$dMCT 100 1 $aProdi, Giorgio.$0(OLS)http://pul/name/73880 245 12$aL'individuo e la sua firma :$bbiologia e cambiamento antropologico /$cGiorgio Prodi. 260 $aBologna :$bIl Mulino,$cc1989. 300 $a183 p. ;$c20 cm 490 1 $aContemporanea ;$v28 504 $aInclude riferimenti bibliografici. 650 4$aAntropologia$xStudi.$0(OLS)http://pul/subject/6290 650 4$aBiologia$xStudi.$0(OLS)http://pul/subject/22207 830 0$aContemporanea ;$v28.$0(OLS)http://pul/title/39385 850 $aPUL 852 $aPUL$W1$xDP1 Cons. Gen., Altre Classi 1$y22$m777 F 70$j135736$qStampati$B134728$CPULBib$Z2$F134728 $H65353 $82 941 1 $a8 996 $6020$a88-15-02075-6$9(OLS)http://pul/number/142523 996 $6245$aL'individuo e la sua firma :$bbiologia e cambiamento antropologico / $9(OLS)http://pul/title/148895 996 $6260$aBologna :$bIl Mulino$9(OLS)http://pul/publisher/47928 LEADER 01525nam a2200349 a 4500 001 000000129418 003 CaOOAMICUS 005 20120626123037.0 008 120626s2012 it u000 u ita r 020 $a978-88-372-2602-2 040 $aPUL$bita 041 1 $aita$hfre 082 04$a901 100 1 $aDaniélou, Jean,$ccard.,$d1905-1974.$0(OLS)http://pul/name/858 240 10$aEssai sur le mystère de l'histoire.$lItaliano.$0(OLS)http://pul/title/163552 245 10$aSaggio sul mistero della storia /$cJean Daniélou ; premessa di Gianluigi Pasquale. 250 $a3. ed. ampliata. 260 $aBrescia :$bMorcelliana,$c2012. 300 $aIX, 384 p. ;$c21 cm. 490 1 $aTeologia (Morcelliana).$aNuova Serie ;$v12 504 $aBibliografia in nota. 650 4$aReligione e società$xCritica e interpretazione.$0(OLS)http://pul/subject/27586 700 1 $aPasquale, Gianluigi,$cO.F.M. Cap.,$d1967-$0(OLS)http://pul/name/54223 830 0$aTeologia (Morcelliana).$pNuova Serie ;$v12.$0(OLS)http://pul/title/103309 850 $aPUL 852 $aPUL$W1$xSL Cons. Gen., Altre Classi 3$y75$m901 DANJE 1$j149901$qDDC 21$B148428$CPULBib$Z2$F148428 $H120147 $82 941 1 $a9 996 $6020$a978-88-372-2602-2$9(OLS)http://pul/number/150107 996 $6082$a901$9(OLS)http://pul/classification/124 996 $6245$aSaggio sul mistero della storia$9(OLS)http://pul/title/113242 996 $6260$aBrescia :$bMorcelliana$9(OLS)http://pul/publisher/47854